Normal view
MARC view
- Chitkara, K K
Entry Personal Name
001 - CONTROL NUMBER
- control field: 28181
003 - CONTROL NUMBER IDENTIFIER
- control field: NUST
005 - DATE AND TIME OF LATEST TRANSACTION
- control field: 20200129122356.0
008 - FIXED-LENGTH DATA ELEMENTS
- fixed length control field: 200129|| aca||aabn | a|a d
040 ## - CATALOGING SOURCE
- Original cataloging agency: NUST
- Transcribing agency: NUST
100 ## - HEADING--PERSONAL NAME
- Personal name: Chitkara, K K
670 ## - SOURCE DATA FOUND
- Source citation: Work cat.: (NUST): Chitkara, K K, CONSTRUCTION PROJECT MANAGEMENT (PLANNING SCHEDULING & CONTROLLOING /, 2004.
